| 000 | 01813cam a22003854i 4500 | ||
|---|---|---|---|
| 003 | PE-LiUPU | ||
| 005 | 20250731183421.0 | ||
| 008 | 150625s r 000 0 d | ||
| 020 | _a8471835282 | ||
| 035 | _a(Sirsi) i9788471835284 | ||
| 040 |
_aPE-LiUPU _bspa _cPE-LiUPU _erda |
||
| 049 | _aPRUA | ||
| 082 | 0 | 4 |
_a745.9 _bP92 _221 |
| 100 | 1 |
_aPugés, Maite, _ered., _eautor. |
|
| 245 | 1 | 0 |
_aArreglos florales : _badornos y composiciones. _n2 / _c[redacción, Maite Pugès, Mayka Barciela ; traducción, Marta Tremoleda, Olga Puig]. |
| 264 | 1 |
_aBarcelona : _bHymsa, _c[2004]. |
|
| 300 |
_a96 páginas : _bilustraciones ; _c29 centímetros |
||
| 336 |
_atext _2rdacontent |
||
| 337 |
_aunmediated _2rdamedia |
||
| 338 |
_avolume _2rdacarrier |
||
| 505 | 0 | _aPrimavera espectacular. -Clásico y colorista. -Arbol decorativo. -Detalles: sillas y taburetes. -Naturaleza viva. -El toque del rey Midas. -Mágicas marquesinas. -Alegrando la vista. -Oro divino. -Mesita baja con flores. -Un ramo impresionante. -En busca de cumplidos. -Flores y corazones. -La vigencia del ayer. -Detalles: la chimenea. -La sorpresa de navidad. | |
| 526 | _aP158 | ||
| 526 | _aP146 | ||
| 526 | _aP17 | ||
| 526 | _aP12 | ||
| 526 | _aP06 | ||
| 541 | _g001-0006896; | ||
| 650 | 0 | 4 | _aDecoración floral. |
| 700 | 1 |
_aBarciela, Mayka, _ered. |
|
| 942 |
_2ddc _cBOOK |
||
| 949 |
_a745.9 P92 2 _wDEWEY _c1 _i57153 _lCCODEBUL1 _mBUL _p15.00 _r0 _sY _tBOOK _u2015-6-25 _xINGENIERIA _zAGB _0COMPRA _o.STAFF. Colección General |
||
| 994 |
_aC0 _bPEPRU |
||
| 596 | _a1 | ||
| 999 |
_a745.9 P92 2 _wDEWEY _c46270 _i57153 _d46270 _e2017-9-15 _f2021-11-5 _g7 _lCCODEBUL1 _mBUL _n1 _p15.00 _q1 _r0 _sY _tBOOK _u2015-6-25 _xBIBLIOTECA _zAGB _0COMPRA _o.STAFF. Colección General |
||
| 980 |
_81 _gALBERTO SANCHEZ Responsable de Automatización |
||